تقويم نظرية الحداثة و موقف الأدب الإسلامي منها / (رقم التسجيلة. 1846)

تفاصيل مارك
000 -LEADER
fixed length control field 00766nam a22002297a 4500
005 - DATE AND TIME OF LATEST TRANSACTION
control field 20251108164029.0
008 - FIXED-LENGTH DATA ELEMENTS--GENERAL INFORMATION
fixed length control field 250721s1994 xx 000 0 ara d
082 14 - DEWEY DECIMAL CLASSIFICATION NUMBER
Classification number 210.48/نحو
100 1# - MAIN ENTRY--PERSONAL NAME
Personal name النحوي، عدنان علي رضا
245 10 - TITLE STATEMENT
Title تقويم نظرية الحداثة و موقف الأدب الإسلامي منها /
250 ## - EDITION STATEMENT
Edition statement ط2.، مزيدة و منقحة
264 1# - PRODUCTION, PUBLICATION, DISTRIBUTION, MANUFACTURE, AND COPYRIGHT NOTICE
Place of production, publication, distribution, manufacture الرياض :
Name of producer, publisher, distributor, manufacturer دار النحوي،
Date of production, publication, distribution, manufacture, or copyright notice 1994.
300 ## - PHYSICAL DESCRIPTION
Extent 211ص.
490 0# - SERIES STATEMENT
Series statement إلى لقاء المؤمنين و بناء الجيل المؤمن
650 17 - SUBJECT ADDED ENTRY--TOPICAL TERM
Topical term or geographic name as entry element الإسلام
650 17 - SUBJECT ADDED ENTRY--TOPICAL TERM
Topical term or geographic name as entry element الأدب
650 17 - SUBJECT ADDED ENTRY--TOPICAL TERM
Topical term or geographic name as entry element الأدب الإسلامي
650 17 - SUBJECT ADDED ENTRY--TOPICAL TERM
Topical term or geographic name as entry element الأدب عربي
650 17 - SUBJECT ADDED ENTRY--TOPICAL TERM
Topical term or geographic name as entry element النقد الأدبي
942 ## - ADDED ENTRY ELEMENTS (KOHA)
Source of classification or shelving scheme Dewey Decimal Classification
Koha item type كتب
المقتنيات
حالة السحب حالة الفقدان مصدر التصنيف حالة التلف غير قابل للإعارة المكتبة الرئيسية المكتبة الحالية موقع الرف تاريخ التزويد الرقم المتسلسل Total Checkouts رقم الإستدعاء تاريخ آخر ظهور تاريخ الفاتورة نوع المادة (كوها) الباركود
    Dewey Decimal Classification Unchecked   مكتبة الحسن العامة مكتبة الحسن العامة الإعارة 06/07/2004 10234   210.48/نحو 28/07/2025 06/07/2004 كتب  
    Dewey Decimal Classification Unchecked   مكتبة النصر العامة مكتبة النصر العامة الإعارة 28/07/2025 476003   210.48/نحو 28/07/2025 28/07/2025 كتب  
    Dewey Decimal Classification     مكتبة النصر العامة مكتبة النصر العامة الإعارة 09/10/2014 8502   210.48/نحو 28/07/2025 09/10/2014 كتب PLD00308284
    Dewey Decimal Classification     مكتبة صويلح العامة مكتبة صويلح العامة الإعارة 19/08/2015 12627   210.48/نحو 28/07/2025 19/08/2015 كتب PLD00342143
Implemented & Customized by: BBB with SCIT (Smart Chains for Information Technology)

Powered by Koha